| 000 | 00594nam a2200157Ia 4500 | ||
|---|---|---|---|
| 008 | 090711s9999 xx 000 0 und d | ||
| 082 | _b45552 | ||
| 100 | _aधर्माधिकारी भाऊ | ||
| 245 | _aगांधी विSाार दर्शन (खंड 12) | ||
| 260 | _c1962 | ||
| 600 | _aधर्माधिकारी भाऊ | ||
| 630 | _aगांधी विSाार दर्शन (खंड 12) | ||
| 700 | _aधर्माधिकारी भाऊ | ||
| 730 | _aगांधी विSाार दर्शन (खंड 12) | ||
| 942 | _cBOOK | ||
| 999 |
_c320269 _d320269 |
||